[Event "FRA-chT Top 12"]
[Site "Brest"]
[Date "2019.05.22"]
[Round "5.4"]
[White "Rodshtein, Maxim"]
[Black "Postny, Evgeny"]
[Result "1/2-1/2"]
[WhiteElo "2699"]
[BlackElo "2603"]
[Annotator "Mueller,Karsten"]
[PlyCount "109"]
[EventDate "2019.05.18"]
[EventType "team-tourn"]
[EventRounds "11"]
[EventCountry "FRA"]
[SourceTitle "CBM 191"]
[Source "ChessBase"]
[SourceDate "2019.08.31"]
[SourceVersion "1"]
[SourceVersionDate "2019.08.31"]
[SourceQuality "1"]
[WhiteTeam "Bischwiller"]
[BlackTeam "Metz-echecs"]
[WhiteTeamCountry "FRA"]
[BlackTeamCountry "FRA"]
[TimeControl "40/5400+30:1800+30"]

1. c4 {[%emt 0:00:47]} c6 {[%emt 0:00:00]} 2. Nf3 {[%emt 0:00:44]} d5 {[%emt 0:
00:00]} 3. d4 {[%emt 0:01:17]} Nf6 {[%emt 0:00:00]} 4. e3 {[%emt 0:00:12]} Bf5
{[%emt 0:00:00]} 5. Nc3 {[%emt 0:00:14]} a6 {[%emt 0:00:15]} 6. Be2 {[%emt 0:
01:59]} (6. Nh4 Be6 7. c5 g6 8. Bd3 Bg7 9. O-O O-O 10. b4 Bc8 11. f4 Ne8 12.
Qe1 a5 13. Na4 axb4 14. Nb6 Ra7 15. Qxb4 Na6 16. Qc3 Nf6 17. Nxc8 Qxc8 18. Rb1
Nc7 19. Qc2 Ne4 20. Nf3 Qd7 21. a3 Rfa8 22. Rb3 f5 23. Bb2 Ne6 24. Rb1 Nd8 25.
Bc1 Bf6 26. g3 Kg7 27. Qg2 Ra4 28. h3 h5 29. g4 fxg4 30. hxg4 Qxg4 31. Qxg4
hxg4 32. Bxe4 gxf3 33. Bxf3 g5 34. f5 Kf8 35. Kf2 Ke8 {Nakamura,H (2761)
-Topalov,V (2740) Abidjan 2019 1-0}) 6... h6 {[%emt 0:00:25]} 7. Qb3 {[%emt 0:
00:40]} Ra7 {[%emt 0:00:22]} 8. cxd5 {[%emt 0:01:01]} cxd5 {[%emt 0:00:07]} 9.
Ne5 {[%emt 0:00:28]} (9. Bd2 e6 10. O-O) 9... e6 {[%emt 0:10:58]} 10. O-O {
[%emt 0:01:47]} Be7 {[%emt 0:02:37]} 11. Bd2 {[%emt 0:00:30]} Nfd7 {[%emt 0:03:
43]} (11... O-O) 12. Nxd7 {[%emt 0:10:47]} Nxd7 {[%emt 0:01:01]} 13. Rfc1 {
[%emt 0:01:18]} O-O {[%emt 0:02:33]} 14. Nd1 $146 {[%emt 0:09:16]} (14. Na4 b5
15. Nc5 Nb6 16. a4 bxa4 17. Nxa4 Nxa4 18. Qxa4 Qb8 19. b4 Rb7 20. Bxa6 Bxb4 21.
Bxb7 Bxd2 22. Qc6 Bxc1 23. Ra8 Qxa8 24. Bxa8 Ba3 25. Bb7 Be7 26. f3 Bf6 27. Kf2
h5 28. g3 Rd8 29. Qc7 Rf8 30. Ke2 Rd8 31. Ba6 Ra8 32. Qb7 Rd8 33. Kd2 Kf8 34.
Be2 Be7 35. Kc3 Bg6 36. Qc7 Ra8 37. Ba6 Rd8 38. Bb7 Bf5 39. Bc6 Bf6 40. Bb5 Kg8
41. Ba6 Re8 42. Kd2 Rd8 43. Ke2 Ra8 {Rodshtein,M (2678)-Antipov,M (2597) Sochi
2018 1/2-1/2 (70)}) 14... Nb8 {[%emt 0:07:57]} 15. Bb4 {[%emt 0:00:42]} Bxb4 {
[%emt 0:05:38]} 16. Qxb4 {[%emt 0:00:07]} Nc6 $1 {[%emt 0:00:06]} 17. Qa3 {
[%emt 0:17:07]} Re8 {[%emt 0:25:02]} 18. Rc5 {[%emt 0:15:34]} Qd6 {[%emt 0:07:
43]} 19. Rac1 {[%emt 0:02:59]} e5 $132 {[%emt 0:01:30]} 20. dxe5 {[%emt 0:06:
25]} Rxe5 {[%emt 0:02:28]} 21. Qb3 {[%emt 0:04:17]} Ne7 {[%emt 0:06:27]} 22.
Rc7 {[%emt 0:05:45]} d4 {[%emt 0:02:19]} 23. Rxb7 {[%emt 0:09:09]} Rxb7 {
[%emt 0:02:06]} 24. Qxb7 {[%emt 0:00:05]} d3 $1 {[%emt 0:07:12]} 25. Bf3 {
[%emt 0:00:06]} d2 {[%emt 0:07:12]} 26. Rc4 {[%emt 0:02:37]} (26. Rc3 Rb5 27.
Qa8+ Kh7 $13) 26... Be6 {[%emt 0:01:33]} 27. Qb4 {[%emt 0:03:45]} Qxb4 {
[%emt 0:00:30]} 28. Rxb4 {[%emt 0:00:05]} Bxa2 {[%emt 0:00:13]} 29. Rd4 {
[%emt 0:00:07]} Bd5 {[%emt 0:02:40]} 30. Bxd5 {[%emt 0:01:23]} Rxd5 {[%emt 0:
00:05]} 31. Rxd5 {[%emt 0:00:14]} Nxd5 {[%emt 0:00:03]} 32. Kf1 {[%emt 0:00:06]
} Kf8 {[%emt 0:00:13]} 33. Ke2 {[%emt 0:00:09]} Ke7 {[%emt 0:00:03]} 34. Kxd2
$11 {[%emt 0:00:11]} Kd6 {[%emt 0:00:04]} 35. e4 {[%emt 0:01:03]} Nb4 {[%emt 0:
02:19]} 36. Ne3 {[%emt 0:01:06]} Ke5 {[%emt 0:01:46]} 37. f3 {[%emt 0:00:12]}
Kd4 {[%emt 0:00:31]} 38. b3 $2 {[%emt 0:01:54] After this Black's activity
should suffice for a draw. Danach dürfte die schwarze Aktivität zum Remis
ausreichen.} ({White could win in a direct duel: Weiß konnte im direkten
Duell gewinnen:} 38. Nf5+ Kc4 39. Nxg7 Kb3 40. Nf5 {and the black a-pawn can
always be neutralised, e.g. und der schwarze a-Bauer kann stets neutralisiert
werden, z.B.} Kxb2 (40... h5 41. h4 Kxb2 42. g4 hxg4 43. fxg4 a5 44. h5 $18)
41. Nxh6 a5 (41... f6 42. Ng4 a5 43. Nxf6 a4 44. Nd5 $18) 42. Nxf7 a4 43. Nd6
Kb3 (43... a3 44. Nc4+ $18) 44. Nb5 Kc4 45. Nc3 a3 46. h4 $18) 38... g6 {
[%emt 0:00:14]} 39. Nc4 {[%emt 0:02:41]} (39. Ng4 h5 40. Nh6 f6 41. Ng8 f5 42.
exf5 gxf5 43. g3 (43. Nh6 f4 44. Nf7 Nd5 45. Nd8 Ne3 46. Ne6+ Ke5 47. Nc5 Nxg2
48. Nxa6 Nh4 49. Ke2 Nf5 50. Nc5 Nd4+ 51. Kf2 Kd5 52. Nd3 Ne6 $11) 43... Nd5
44. Nh6 Ne7 $11) 39... Nd3 {[%emt 0:00:32]} 40. Nd6 {[%emt 0:00:33]} Ne5 {
[%emt 0:00:45]} 41. Nb7 {[%emt 0:12:28]} h5 {[%emt 0:08:31]} 42. h4 {[%emt 0:
01:32]} Nc6 {[%emt 0:05:48]} 43. Nd6 {[%emt 0:02:53]} Ne5 {[%emt 0:00:35]} 44.
Ne8 {[%emt 0:02:58]} Nc6 {[%emt 0:11:31]} 45. Nc7 {[%emt 0:03:38]} Nb4 {
[%emt 0:02:11]} 46. g3 {[%emt 0:00:56]} Kc5 {[%emt 0:00:38]} 47. Ne8 {[%emt 0:
00:20]} Nc6 {[%emt 0:00:31]} 48. Kc3 {[%emt 0:02:56]} a5 {[%emt 0:00:18]} 49.
Nf6 {[%emt 0:00:45]} Ne5 {[%emt 0:00:46]} 50. f4 {[%emt 0:00:10]} Nf3 {[%emt 0:
01:17]} 51. e5 {[%emt 0:02:01]} Nd4 {[%emt 0:01:00]} 52. Ne4+ {[%emt 0:02:58]}
Kd5 {[%emt 0:00:03]} 53. Nf6+ {[%emt 0:00:05]} Kc5 {[%emt 0:00:03]} 54. Ne4+ {
[%emt 0:02:50]} Kd5 {[%emt 0:00:05]} 55. Nf6+ {[%emt 0:01:01]} 1/2-1/2

[Event "FIDE World Cup"]
[Site "Khanty-Mansiysk"]
[Date "2005.12.03"]
[Round "3.1"]
[White "Sokolov, Ivan"]
[Black "Malakhov, Vladimir"]
[Result "0-1"]
[WhiteElo "2696"]
[BlackElo "2670"]
[Annotator "Mueller,Karsten"]
[PlyCount "114"]
[EventDate "2005.11.27"]
[EventType "k.o."]
[EventRounds "7"]
[EventCountry "RUS"]
[SourceTitle "CBM 111"]
[Source "ChessBase"]
[SourceDate "2006.04.04"]
[SourceVersion "1"]
[SourceVersionDate "2006.04.04"]
[SourceQuality "1"]

1. d4 d5 2. c4 c6 3. Nf3 Nf6 4. Nc3 a6 5. a4 e6 6. Bg5 a5 7. e3 Be7 8. Bd3 Na6
9. Rc1 Nb4 10. Bb1 Nd7 11. Bf4 dxc4 12. e4 b6 13. O-O Bb7 14. Nd2 Nd3 15. Bxd3
cxd3 16. Nc4 O-O 17. Qxd3 Ba6 18. Ne2 b5 19. axb5 cxb5 20. Nd2 e5 21. dxe5 Nxe5
22. Qxd8 Rfxd8 23. Bxe5 Rxd2 24. Nf4 b4 25. Rfd1 Rxd1+ 26. Rxd1 Bf8 27. Nd5 Re8
28. f4 Bb7 29. Kf2 f6 30. Bc7 Rxe4 31. Bxa5 Rc4 32. Ne3 Rxf4+ 33. Kg3 Re4 34.
Bb6 Re6 35. Bd4 Rd6 36. Kf2 Kf7 37. g4 g6 38. h3 Rd7 39. Ke2 Ke6 40. Kd3 Bh6
41. Re1 Kf7 42. Ra1 f5 43. Kc4 f4 44. Nc2 Bd5+ 45. Kd3 Bf8 46. Ra7 Rxa7 47.
Bxa7 Be7 48. Bf2 g5 49. Ne1 Kg6 50. Bd4 h5 51. Ke2 hxg4 52. hxg4 Bf6 $1 {
Einer der Vorteile des Läuferpaares besteht oft darin, dass man leichter ein
Leichtfigurenpaar abtauschen kann.} 53. Bxf6 (53. Kd3 b3 54. Bxf6 Kxf6 55. Kd4
Be6 $19) 53... Kxf6 54. Nc2 b3 55. Nb4 Ke5 56. Nd3+ Kd4 57. Nf2 f3+ (57... f3+
58. Kd2 Be6 59. Nh3 Bxg4 60. Nxg5 f2 $19) 0-1

[Event "FRA-chT poule basse"]
[Site "France"]
[Date "2003.05.09"]
[Round "10.6"]
[White "Nezar, Mustapha"]
[Black "Moracchini, Fabrice"]
[Result "1-0"]
[WhiteElo "2320"]
[BlackElo "2302"]
[Annotator "Mueller,Karsten"]
[PlyCount "165"]
[EventDate "2003.05.07"]
[EventType "team"]
[EventRounds "4"]
[EventCountry "FRA"]
[SourceTitle "CBM 095"]
[Source "ChessBase"]
[SourceDate "2003.07.25"]
[SourceVersion "1"]
[SourceVersionDate "2003.07.25"]
[SourceQuality "1"]
[WhiteTeam "Nancy"]
[BlackTeam "Drancy"]
[WhiteTeamCountry "FRA"]
[BlackTeamCountry "FRA"]

1. d4 d5 2. c4 c6 3. Nc3 Nf6 4. Nf3 Qb6 5. e3 Bf5 6. cxd5 cxd5 7. Bb5+ Bd7 8.
Bd3 Nc6 9. O-O e6 10. Bd2 Bd6 11. Na4 Qd8 12. Rc1 b6 13. Nc3 O-O 14. e4 dxe4
15. Nxe4 Be7 16. Qe2 Nd5 17. a3 Rc8 18. Rc2 Re8 19. Rfc1 Bf8 20. Ba6 Rc7 21.
Bg5 f6 22. Bd2 Nb8 23. Bd3 Rxc2 24. Rxc2 Nc6 25. h3 Qe7 26. Bc4 Qf7 27. Nc3 Bd6
28. Qe4 Nce7 29. Nb5 Bb8 30. Bd3 g6 31. Rc1 Bc6 32. Qe2 Bb7 33. Be4 Nf5 34. Re1
Qd7 35. Nc3 Nxc3 36. Bxc3 Bxe4 37. Qxe4 Kf7 38. g4 Nd6 39. Qf4 Kg7 40. g5 Nf5
41. gxf6+ Kxf6 42. d5+ e5 43. Nxe5 Bxe5 44. Rxe5 Kf7 45. Qe4 Rxe5 46. Qxe5 Qe7
47. Kg2 Qg5+ 48. Kh2 Qe7 49. Qb8 Qd6+ 50. Qxd6 Nxd6 51. Kg3 Ne4+ 52. Kf3 Ng5+
53. Kg4 Ne4 54. f4 Nd6 55. Kg5 Nf5 56. Be5 h6+ 57. Kg4 Ne3+ 58. Kf3 Nxd5 59.
Ke4 Ke6 {This position should be drawn, but Black commits several inaccuracies:
Diese Stellung sollte remis sein. Schwarz lässt sich in der Folge jedoch
einige Ungenauigkeiten zu Schulden kommen:} 60. a4 Ne7 61. Bg7 Nf5 62. Bf8 Kf7
63. Bb4 Ke6 64. Bd2 Kd6 65. Bb4+ Ke6 66. Be1 a6 67. Bf2 Nd6+ $6 (67... b5 68.
axb5 axb5 69. Bc5 Ng3+ $11) 68. Kd4 Nc8 69. Kc4 Nd6+ 70. Kb4 Nc8 $2 (70... a5+
71. Kb3 Nc8 72. Kc4 Nd6+ 73. Kd4 Nc8 74. b3 Nd6 {seems to hold. scheint noch
zu halten.}) 71. a5 $5 {opens an inroad Weiß öffnet das Tor} b5 72. Kc5 Kd7 73.
Bd4 Kc7 74. Be5+ Kb7 (74... Kd7 75. b3 h5 76. h4 Ke6 77. Kc6 $16) 75. b4 $22 {
puts Black in a deadly zugzwang. bringt Schwarz in tödlichen Zugzwang.} Ne7 76.
Kd6 Nf5+ 77. Ke6 Kc6 78. Kf6 Nh4 79. Kg7 g5 (79... Kd5 80. Kxh6 Kc4 81. Kg5
Nf3+ 82. Kxg6 Kxb4 83. Ba1 Nh4+ 84. Kg5 Nf3+ 85. Kh5 Kxa5 86. f5 $18) 80. Kxh6
gxf4 (80... Nf3 81. fxg5 Nxe5 82. g6 $18) 81. Bxf4 Ng2 (81... Kd5 82. Kg5 Nf3+
83. Kg4 Ke4 84. Bd6 $18) 82. Bd2 Kd5 (82... Nh4 83. Bg5 Nf3 84. h4 Kd5 85. h5
Kc4 86. Kg6 $18) 83. Kg5 1-0

[Event "Maccabiah SuperGM"]
[Site "Jerusalem"]
[Date "2005.07.14"]
[Round "4"]
[White "Lerner, Konstantin Z"]
[Black "Najer, Evgeniy"]
[Result "1/2-1/2"]
[WhiteElo "2524"]
[BlackElo "2614"]
[Annotator "Mueller,Karsten"]
[PlyCount "103"]
[EventDate "2005.07.10"]
[EventType "tourn"]
[EventRounds "5"]
[EventCountry "ISR"]
[EventCategory "14"]
[SourceTitle "CBM 108"]
[Source "ChessBase"]
[SourceDate "2005.09.26"]
[SourceVersion "1"]
[SourceVersionDate "2005.09.26"]
[SourceQuality "1"]

1. d4 d5 2. c4 c6 3. Nf3 Nf6 4. Nc3 a6 5. a4 e6 6. Bg5 Nbd7 7. Qc2 Be7 8. e3
O-O 9. Be2 dxc4 10. Bxc4 Nd5 11. Bxe7 Qxe7 12. O-O Nb4 13. Qb3 c5 14. dxc5 Qxc5
15. Ne4 Qe7 16. Rfd1 Nb6 17. a5 Nxc4 18. Qxc4 Nc6 19. Nd4 Bd7 20. Qc5 Rfd8 21.
Qxe7 Nxe7 22. Nc5 Rab8 23. Nf5 exf5 24. Nxd7 Rbc8 25. Nc5 Rxd1+ 26. Rxd1 g6 27.
Nxb7 Rc2 28. b3 Rc7 29. Nd6 Rd7 30. Rd2 Nc6 31. Nc4 Rxd2 32. Nxd2 Nxa5 33. Kf1
Kf8 34. Ke2 Ke7 35. Kd3 Kd6 36. Nc4+ Nxc4 37. Kxc4 Kc6 38. Kb4 Kb6 39. Ka4 a5
40. b4 axb4 41. Kxb4 h6 42. Kc4 Kc6 43. Kd4 Kd6 44. f3 h5 45. g3 g5 46. h4 gxh4
47. gxh4 f6 48. f4 Kc6 49. e4 {[%tqu "De","Gibt es noch eine Rettung?","","",
"c6d6","",2]} Kd6 $1 (49... fxe4 $2 50. Kxe4 Kd6 51. Kf5 Ke7 52. Kg6 Ke6 53.
Kxh5 Kf5 54. Kh6 Kxf4 55. Kg6 f5 56. h5 $18) (49... Kd7 $2 50. e5 Ke6 51. exf6
Kxf6 52. Kd5 $18 {[%cal Gd5f5]}) 50. exf5 Kc6 51. Kc4 Kd6 52. Kd4 (52. Kb5 $4
Kd5 {ginge sogar nach hinten los.}) 1/2-1/2

[Event "FRA-chT Gp-A"]
[Site "France"]
[Date "2003.04.05"]
[Round "6.4"]
[White "Tregubov, Pavel V"]
[Black "Bacrot, Etienne"]
[Result "1/2-1/2"]
[WhiteElo "2612"]
[BlackElo "2671"]
[Annotator "Mueller,Karsten"]
[PlyCount "189"]
[EventDate "2003.01.31"]
[EventType "team"]
[EventRounds "7"]
[EventCountry "FRA"]
[SourceTitle "CBM 095"]
[Source "ChessBase"]
[SourceDate "2003.07.25"]
[SourceVersion "1"]
[SourceVersionDate "2003.07.25"]
[SourceQuality "1"]
[WhiteTeam "Clichy"]
[BlackTeam "Paris NAO"]
[WhiteTeamCountry "FRA"]
[BlackTeamCountry "FRA"]

1. d4 d5 2. c4 c6 3. Nf3 Nf6 4. e3 a6 5. Nc3 b5 6. b3 Bg4 7. Be2 e6 8. O-O Nbd7
9. h3 Bh5 10. Bb2 Bd6 11. Ne5 Bxe2 12. Nxe2 Qc7 13. cxd5 cxd5 14. Rc1 Qb8 15.
Nxd7 Nxd7 16. e4 O-O 17. e5 Be7 18. Rc3 Rc8 19. Rg3 Qc7 20. Nf4 Qc2 21. Qg4 g6
22. Nd3 Qd2 23. Bc1 Qxa2 24. Rf3 a5 25. Bh6 a4 26. Qf4 Rf8 27. Bxf8 Rxf8 28.
bxa4 bxa4 29. Qc1 Qc4 30. Qa1 a3 31. Rc1 Qb5 32. Nc5 Nxc5 33. Qxa3 Ne4 34. Qxe7
Qb2 35. Qa3 Qxd4 36. Qa1 Qb6 37. Rb1 Qc5 38. Rc1 Qb6 39. Rc2 d4 40. Qb2 Qxb2
41. Rxb2 Rd8 42. Rd3 Nc5 43. Rd1 Rd5 44. f4 Kg7 45. Rb6 f6 46. Rd6 fxe5 47.
Rxd5 exd5 48. fxe5 Kf7 49. Rxd4 Ke6 50. Rf4 Kxe5 51. Rf7 h5 52. Kf2 Ne4+ 53.
Ke2 Ng3+ 54. Kf3 Nf5 55. Rf8 Nd4+ 56. Kf2 Ne6 57. Rf7 Ng5 58. Rg7 Kf6 59. Rd7
Ke5 60. Ke3 Ne6 61. h4 Nd4 62. g3 Nf5+ 63. Kf3 Nd4+ 64. Kf2 Ne6 65. Ke3 Nd4 66.
Re7+ Kf6 67. Re8 Ne6 68. Rb8 Kf5 69. Rb5 Ke5 70. Ra5 Nd4 71. Ra6 Ne6 72. Kf3
Nd4+ 73. Kg2 Ne6 74. Kh3 Kf5 75. Ra5 Ke4 76. Ra6 Kf5 77. Rb6 Ke5 78. g4 {
Now Tregubov tries to break Bacrot's fortress by creating an inroad for his
king: Nach dem langen fruchtlosen Manövrieren versucht Tregubov nun Bacrot's
Festung mit der Brechstange zu stürmen} d4 79. gxh5 gxh5 80. Kg3 d3 81. Rb1 (
81. Kf2 d2 82. Ke2 Nd4+ 83. Kd1 Nf3 84. Rb4 Kf5 85. Ke2 Ke5 86. Rb5+ Kf4 87.
Rxh5 d1=Q+ 88. Kxd1 Kg4 $11) 81... Nd4 82. Re1+ Kd5 83. Kf4 Kc4 84. Rc1+ Nc2
85. Kg5 Kc3 86. Kxh5 d2 87. Rb1 Nd4 88. Kg4 Kc2 89. Rh1 d1=Q+ 90. Rxd1 Kxd1 91.
h5 Ne6 92. h6 Nf8 93. Kf5 Ke2 94. Kf6 Kf3 95. Ke5 (95. Kg7 Ne6+ 96. Kf7 Ng5+
97. Kg6 Ne6 $11) 1/2-1/2

[Event "Bundesliga 0405"]
[Site "Germany"]
[Date "2004.11.28"]
[Round "4.2"]
[White "Vaganian, Rafael A"]
[Black "Pedersen, Steffen"]
[Result "1-0"]
[WhiteElo "2640"]
[BlackElo "2441"]
[Annotator "Mueller,Karsten"]
[PlyCount "95"]
[EventDate "2004.11.12"]
[EventType "team-tourn"]
[EventRounds "15"]
[EventCountry "GER"]
[SourceTitle "CBM 105"]
[Source "ChessBase"]
[SourceDate "2005.04.11"]
[SourceVersion "1"]
[SourceVersionDate "2005.04.11"]
[SourceQuality "1"]
[WhiteTeam "Porz"]
[BlackTeam "Preetz"]
[WhiteTeamCountry "GER"]
[BlackTeamCountry "GER"]

1. d4 d5 2. c4 c6 3. Nc3 Nf6 4. e3 a6 5. Nf3 b5 6. b3 Bg4 7. Be2 e6 8. O-O Nbd7
9. h3 Bh5 10. Bb2 Qb8 11. Ne5 Bxe2 12. Qxe2 Nxe5 13. dxe5 Nd7 14. cxd5 cxd5 15.
Rfd1 Nxe5 16. e4 d4 17. Rxd4 Be7 18. Rdd1 O-O 19. Qe3 Ng6 20. Ne2 Rc8 21. Rac1
Rxc1 22. Rxc1 Qd8 23. f4 h6 24. g3 Rc8 25. Qd4 Rxc1+ 26. Nxc1 Qxd4+ 27. Bxd4
Nf8 28. Nd3 Nd7 29. Kf2 f5 30. Ke3 Kf7 31. a4 g5 32. fxg5 Bxg5+ 33. Kf3 bxa4
34. bxa4 Bd2 35. Be3 fxe4+ 36. Kxe4 Bxe3 37. Kxe3 e5 38. a5 Ke6 39. g4 Kf6 40.
h4 Ke6 41. Kf3 Kf6 42. Ke4 Ke6 43. g5 h5 44. Kf3 {Thema: Springerendspiele
sind wie Bauernendspiele} Kf5 $6 {Danach gerät Schwarz unweigerlich in fatalen
Zugzwang.} ({Allerdings sollte sich Weiß auch nach} 44... Kf7 {durchsetzen:
durchsetzen:} 45. Ke3 Ke7 46. g6 Ke6 (46... Kf6 47. Ke4 Ke6 48. Nxe5 $18) 47.
Kf3 Ke7 48. Ke4 Kf6 49. Kd5 $18) 45. Ke3 Kg4 (45... Nb8 46. Nb4 e4 47. Kd4 $22
$18) (45... Ke6 46. Ke4 $22 $18) 46. Ke4 Kxh4 47. Kf5 e4 48. Nf4 (48. Nf4 {
[%cal Gg5g8]} Nf8 49. g6 Nxg6 50. Nxg6+ Kg3 51. Kxe4 Kg4 52. Ne7 Kg3 53. Ke3
Kg4 54. Nd5 h4 55. Nc7 Kg3 56. Nxa6 h3 57. Nc5 h2 58. Ne4+ Kg2 59. Nf2 $18) 1-0

[Event "Chigorin Memorial"]
[Site "St Petersburg"]
[Date "1995.??.??"]
[Round "9"]
[White "Ionov, Sergey"]
[Black "Burmakin, Vladimir"]
[Result "0-1"]
[WhiteElo "2525"]
[BlackElo "2500"]
[Annotator "Nikitin,A"]
[PlyCount "66"]
[EventDate "1995.09.??"]
[EventType "swiss"]
[EventRounds "9"]
[EventCountry "RUS"]
[SourceTitle "EXT 1997"]
[Source "ChessBase"]
[SourceDate "1996.11.15"]
[SourceVersion "1"]
[SourceVersionDate "1996.11.15"]
[SourceQuality "1"]

1. d4 d5 2. c4 c6 3. Nf3 Nf6 4. Nc3 a6 5. Bg5 $5 dxc4 (5... Ne4 6. h4 Nxc3 7.
bxc3 dxc4 8. e4 b5 9. Ne5 Qa5 10. Bd2 e6 11. Rh3 Nd7 12. Nxd7 Bxd7 13. a4 $146
{Lobron/}) 6. a4 (6. e4 b5 7. e5 Nd5 8. a4 Nxc3 9. bxc3 Be6 $15) 6... Nd5 {N/}
(6... h6 7. Bh4 e6 8. e3 b5 9. axb5 cxb5 10. Bxf6 gxf6 11. Nxb5 axb5 12. Rxa8
Bb4+ 13. Nd2 Bb7 $44 {Sakaev,K-Karasev,V/St-Petersburg/1995/0,5/}) (6... Be6 7.
e4 Nbd7 8. d5 cxd5 9. exd5 Bg4 10. Bxc4 Bxf3 11. Qxf3 Ne5 12. Qe2 Nxc4 13. Qxc4
$14 {Timman,J-Salov,V/Linares/1994/0,5/}) 7. a5 (7. e4 Nxc3 8. bxc3 b5 9. Ne5
$13) 7... Bf5 8. Nd2 h6 9. Bh4 g5 10. Bg3 Bg7 11. e4 (11. Nxc4 Nd7 12. Qb3 Nxc3
13. bxc3 c5 14. e3 Be4 $13) 11... Nxc3 12. bxc3 Bg6 13. Qa4 $2 (13. Bxc4 c5 14.
Qa4+ Qd7 15. e5 $13) 13... O-O 14. Qxc4 e5 15. dxe5 Re8 16. Bd3 $2 (16. Qd4 Nd7
17. Nc4 c5 18. Qe3 Nxe5 19. Nxe5 Bxe5 20. Bxe5 Rxe5 21. f3 $13) 16... Nd7 17.
Nf3 Bh5 $1 18. Nd4 Nxe5 19. Bxe5 Rxe5 $17 20. O-O Rxa5 21. Rab1 b5 $1 22. Qc5 (
22. Qxc6 Rc8 23. Qd5 Qxd5 24. exd5 Rxc3 25. Nc6 Rxd3 26. Nxa5 Rxd5 $17) 22...
Bf8 23. Qf5 (23. Qxc6 Rc8 24. Qd5 Qxd5 25. exd5 Rxc3 26. Nc6 Ra2 27. Be4 Rd2
28. Ra1 Ba3 $17) 23... Bg6 24. Qf3 Ra3 $1 $19 25. Rbc1 Qc7 26. g3 Rd8 27. Nf5
g4 28. Qe2 Qe5 29. Nd4 Qe8 30. Qc2 b4 $1 31. Ne2 b3 32. Qb1 Rxd3 $1 33. Qxd3
Qxe4 0-1

[Event "FIDE World Cup"]
[Site "Baku"]
[Date "2015.09.18"]
[Round "3.2"]
[White "Ding, Liren"]
[Black "Guseinov, Gadir"]
[Result "1-0"]
[WhiteElo "2782"]
[BlackElo "2634"]
[Annotator "Pavlovic,M"]
[PlyCount "81"]
[EventDate "2015.09.11"]
[EventType "k.o."]
[EventRounds "7"]
[EventCountry "AZE"]
[SourceTitle "CBM 169"]
[Source "ChessBase"]
[SourceDate "2015.11.10"]
[SourceVersion "1"]
[SourceVersionDate "2015.11.10"]
[SourceQuality "1"]

1. d4 d5 2. c4 c6 3. Nf3 Nf6 4. e3 Bf5 5. Nc3 a6 6. Qb3 Ra7 7. Nh4 Bc8 {
Black also has a few other retreats:} (7... Bg6 8. Nxg6 hxg6 9. a4 e6 10. g3 a5
11. Bg2 Nbd7 12. O-O Qb6 13. Qxb6 Nxb6 14. cxd5 Nbxd5 15. e4 Nb4 16. Rd1 Ra8
17. Bf4 Be7 $14 {1-0 (88) Onischuk,A (2665)-Kamsky,G (2683) Saint Louis 2015})
(7... Be6 8. a4 $5 b6 9. Nf3 g6 10. Be2 Bg7 11. O-O O-O 12. Bd2 h6 13. Rfd1
Nbd7 14. Rac1 Qa8 15. a5 Rb8 16. Qa3 bxa5 17. Na4 $14 {1-0 (41) Sadler,M (2658)
-Ferguson,M (2415) Hinckley Island 2015}) 8. Bd2 b5 9. Nf3 $5 {Ding Liren
finds a new way in this line.} (9. c5 e5 $5 10. a4 exd4 11. exd4 Ne4 12. Nxe4 (
12. Nf3 Nxd2 13. Nxd2 Re7+ 14. Be2 g6 15. O-O Bg7 16. axb5 axb5 $13) 12... Qxh4
13. Nd6+ Bxd6 14. cxd6 O-O 15. Be2 Re8 16. Be3 Rd7 17. O-O Rxd6 $15 {½-½ (27)
Korinek,J-Vujadinovic,M corr. 2014. White has some compensation but the
position doesn't look particularly dangerous for Black.}) 9... dxc4 10. Bxc4 e6
11. O-O c5 12. Rfd1 Nbd7 13. Bf1 Bb7 14. Be1 {The position is very much
familiar with some lines from the QGA.} c4 {I think Black is not ready for
this, it was better to preserve the pressure on the centre and develop:} (14...
Bd6 15. Bxb5 (15. dxc5 Nxc5 16. Qa3 $5 (16. Qc2 O-O $13) 16... Ra8 (16... O-O
17. Nxb5 axb5 18. Qxa7 $18) 17. b4 Nce4 18. Qb2 O-O 19. a4 {although logical
play from White I guess Black should hold this.}) 15... axb5 16. Nxb5 Qb6 17.
Nxa7 Qxa7 {This line given by modules is completely unclear at least in my
opinion.}) 15. Qc2 Qc7 16. a4 $1 {Due to the slightly awkward position of the
rook on a7 Black is facing some problems now.} b4 (16... Bc6 17. axb5 axb5 18.
Rxa7 Qxa7 19. e4 $1 b4 20. d5 $1 $16) 17. Nb1 Bd5 (17... Bxf3 18. gxf3 Bd6 19.
h3 O-O 20. Qxc4 Qb8 {Perhaps this was a better try to keep queens when already
faced with losing a pawn.}) 18. Rc1 Bd6 19. Nbd2 {Simply losing a pawn, White
is simply much better.} c3 20. bxc3 bxc3 21. Qxc3 Qxc3 22. Rxc3 O-O 23. a5 e5
24. Nc4 Bb4 25. Rcc1 Bxe1 26. Nxe1 exd4 27. exd4 Rb8 {Black managed at least
to put some pressure on the white centre but his position is still lost.} 28.
Nd3 g6 29. Nd6 Kg7 30. f3 Rb3 31. Rcb1 Rxb1 32. Rxb1 Nf8 33. Nb4 Ne6 34. Nc8
Rc7 35. Nb6 Bb7 36. d5 Nf4 37. d6 Rc5 38. d7 Ne6 39. Bxa6 Bxa6 40. Nxa6 Rxa5
41. Nc7 1-0